Correlation between length and weight of three rattan species in kampong provine, ទំនាក់ទំនងរវាងប្រវែង និងទំងន់ផ្ដៅបីប្រភេទនៅខេត្តកំពត (Record no. 3375)
[ view plain ]
| 000 -LEADER | |
|---|---|
| fixed length control field | 00607nam a22001577a 4500 |
| 003 - CONTROL NUMBER IDENTIFIER | |
| control field | OSt |
| 005 - DATE AND TIME OF LATEST TRANSACTION | |
| control field | 20151112155147.0 |
| 008 - FIXED-LENGTH DATA ELEMENTS--GENERAL INFORMATION | |
| fixed length control field | 151112b xxu||||| |||| 00| 0 eng d |
| 040 ## - CATALOGING SOURCE | |
| Transcribing agency | RUA |
| 082 ## - DEWEY DECIMAL CLASSIFICATION NUMBER | |
| Classification number | FOR HAN 2008 B135 Or.1 |
| 100 ## - MAIN ENTRY--PERSONAL NAME | |
| 9 (RLIN) | 3624 |
| Personal name | HANG, CHANDARA VUTH. |
| 245 ## - TITLE STATEMENT | |
| Title | Correlation between length and weight of three rattan species in kampong provine, ទំនាក់ទំនងរវាងប្រវែង និងទំងន់ផ្ដៅបីប្រភេទនៅខេត្តកំពត |
| 260 ## - PUBLICATION, DISTRIBUTION, ETC. (IMPRINT) | |
| Place of publication, distribution, etc. | Phnom Penh |
| Name of publisher, distributor, etc. | RUA |
| Date of publication, distribution, etc. | 2008 |
| 300 ## - PHYSICAL DESCRIPTION | |
| Extent | xi; 42p. |
| Other physical details | ill. |
| Dimensions | 29cm. |
| 942 ## - ADDED ENTRY ELEMENTS (KOHA) | |
| Source of classification or shelving scheme | |
| Koha item type | FOR |
| Price effective from | Date last seen | Permanent Location | Not for loan | Date acquired | Source of classification or shelving scheme | Koha item type | Barcode | Lost status | Damaged status | Shelving location | Withdrawn status | Current Location | Full call number |
|---|---|---|---|---|---|---|---|---|---|---|---|---|---|
| 2015-11-12 | 2015-11-12 | Library Block B | 2015-11-12 | FOR | RUA028342 | B135 | Library Block B | FOR HAN 2008 B135 Or.1 | |||||
| 2015-11-12 | 2015-11-12 | Library Block B | 2015-11-12 | FOR | RUA028270 | B135 | Library Block B | FOR HAN 2008 B135 Or.2 | |||||
| 2015-11-12 | 2015-11-12 | Library Block B | 2015-11-12 | FOR | RUA028138 | B135 | Library Block B | FOR HAN 2008 B135 Or.3 | |||||
| 2015-11-12 | 2015-11-12 | Library Block B | 2015-11-12 | FOR | RUA028066 | B135 | Library Block B | FOR HAN 2008 B135 Or.4 | |||||
| 2015-11-12 | 2015-11-12 | Library Block B | 2015-11-12 | FOR | RUA028282 | B135 | Library Block B | FOR HAN 2008 B135 Or.5 | |||||
| 2015-11-12 | 2015-11-12 | Library Block B | 2015-11-12 | FOR | RUA028210 | B135 | Library Block B | FOR HAN 2008 B135 Or.6 | |||||
| 2015-11-12 | 2015-11-12 | Library Block B | 2015-11-12 | FOR | RUA027222 | B135 | Library Block B | FOR HAN 2008 B135 Or.7 | |||||
| 2015-11-12 | 2015-11-12 | Library Block B | 2015-11-12 | FOR | RUA027366 | B135 | Library Block B | FOR HAN 2008 B135 Or.8 | |||||
| 2015-11-12 | 2015-11-12 | Library Block B | 2015-11-12 | FOR | RUA027427 | B135 | Library Block B | FOR HAN 2008 B135 Or.9 | |||||
| 2015-11-12 | 2015-11-12 | Library Block B | 2015-11-12 | FOR | RUA027349 | B135 | Library Block B | FOR HAN 2008 B135 Or.10 |